| 000 | 02057cam a2200361 a 4500 | ||
|---|---|---|---|
| 001 | 17442091 | ||
| 005 | 20140925150850.0 | ||
| 008 | 120823s2014 maua bp 001 0 eng | ||
| 010 | _a 2012034462 | ||
| 020 | _a9781449688066 | ||
| 020 | _a9781449687625 (pbk.) | ||
| 035 | _a(DNLM)101590957 | ||
| 040 |
_aDNLM/DLC _cDLC _dDLC |
||
| 042 | _apcc | ||
| 050 | 0 | 0 |
_aRD 32.3 _b.G653 2014 |
| 060 | 1 | 0 | _aWY 18.2 |
| 082 | 0 | 0 | _a617.9/17 |
| 100 | 1 | _aGoodman, Terri. | |
| 245 | 1 | 0 |
_aEssentials of perioperative nursing / _cTerri Goodman, Cynthia Spry. |
| 250 | _a5th ed. | ||
| 260 |
_aBurlington, Mass. : _bJones & Bartlett Learning, _cc2014. |
||
| 300 |
_axvi, 378 pages : _billustrations ; _c28 cm. |
||
| 500 | _aRev. ed. of: Essentials of perioperative nursing / Cynthia Spry. 4th ed. c2009. | ||
| 504 | _aIncludes bibliographical references and index. | ||
| 505 | 0 | _aIntroduction to perioperative nursing -- Preparing the patient for surgery -- Prevention of infection; preparation of instruments and items used in surgery : sterilization and disinfection -- Prevention of infection; preparation of instruments and items used in surgery : cleaning, packaging, and storage -- Prevention of infection; aseptic practices : attire, scrubbing, gowning, gloving, draping, prepping, creating, and maintaining a sterile field, or environment, and sanitation -- Prevention of injury; positioning the patient for surgery -- Prevention of retained surgical items -- Prevention of injury; hemostasis, tourniquet, and electrosurgical equipment -- Prevention of injury; use and care of basic surgical instrumentation -- Prevention of injury; wound management -- Prevention of injury; anesthesia and medication safety -- Workplace safety. | |
| 521 | _aNursing | ||
| 650 | 1 | 2 |
_aPerioperative Nursing _vProgrammed Instruction. |
| 700 | 1 | _aSpry, Cynthia. | |
| 700 | 1 |
_aSpry, Cynthia. _tEssentials of perioperative nursing. |
|
| 906 |
_a7 _bcbc _corignew _d1 _eecip _f20 _gy-gencatlg |
||
| 942 |
_2lcc _cBK _kFOR |
||
| 999 |
_c275882 _d275882 |
||